| 000 | 00509cam a22001097a 4500 | ||
|---|---|---|---|
| 008 | 180718b2000 xxu||||| |||| 00| 0 eng d | ||
| 082 | _aT2196x54 C738 | ||
| 245 |
_aComprehensive policy package for small scale industries and tiny sector announced by the Hon'ble Prime Minister on 30th August 2000 _cby Ministry of Small Scale Industries and Agro and Rural Industries |
||
| 260 |
_aNew Delhi _bThe author _c2000 |
||
| 300 | _a60p. | ||
| 700 | _aIndia. Ministry of Small Scale Industries and Agro and Rural Industries | ||
| 999 |
_c487322 _d487322 |
||